U.S. State by Highest Point Quiz - Statistics

General Stats
  • This quiz has been taken 38 times
  • The average score is 26 of 50
Answers on the Map
Answers color-coded by a green-red scale on the quiz's map according to % correct below.
 
Answer Stats
Highest Point Elevation (in feet) State % Correct
Denali 20,310 Alaska
96%
Mount Whitney 14,505 California
96%
Mount Elbert 14,440 Colorado
91%
Mauna Kea 13,803 Hawaii
91%
Mount Rainier 14,417 Washington
87%
Mount Hood 11,249 Oregon
83%
Gannett Peak 13,809 Wyoming
83%
Borah Peak 12,668 Idaho
78%
Granite Peak 12,807 Montana
78%
Guadalupe Peak 8,751 Texas
78%
Boundary Peak 13,147 Nevada
74%
Mount Washington 6,288 New Hampshire
74%
Wheeler Peak 13,167 New Mexico
74%
Kings Peak 13,534 Utah
74%
Humphreys Peak 12,637 Arizona
70%
Mount Mitchell 6,684 North Carolina
65%
Mount Sunflower 4,041 Kansas
61%
Mount Katahdin 5,270 Maine
57%
Britton Hill 345 Florida
52%
Black Elk Peak 7,244 South Dakota
52%
Clingmans Dome 6,643 Tennessee
52%
Mount Rogers 5,729 Virginia
52%
Hoosier Hill 1,257 Indiana
48%
Hawkeye Point 1,671 Iowa
48%
Black Mesa 4,975 Oklahoma
48%
Jerimoth Hill 811 Rhode Island
48%
Ebright Azimuth 447 Delaware
43%
Driskill Mountain 535 Louisiana
43%
Panorama Point 5,427 Nebraska
43%
Mount Mansfield 4,395 Vermont
43%
Spruce Knob 4,863 West Virginia
43%
Mount Marcy 5,343 New York
39%
Charles Mound 1,235 Illinois
35%
Black Mountain 4,145 Kentucky
35%
Mount Greylock 3,489 Massachusetts
35%
Woodall Mountain 807 Mississippi
35%
Mount Magazine 2,753 Arkansas
30%
Brasstown Bald 4,784 Georgia
30%
Hoye-Crest 3,360 Maryland
30%
Eagle Mountain 2,302 Minnesota
30%
Campbell Hill 1,549 Ohio
30%
Sassafras Mountain 3,560 South Carolina
30%
Cheaha Mountain 2,413 Alabama
26%
Mount Frissell 2,379 Connecticut
26%
Taum Sauk Mountain 1,772 Missouri
26%
High Point 1,803 New Jersey
26%
White Butte 3,508 North Dakota
26%
Mount Davis 3,213 Pennsylvania
26%
Timms Hill 1,951 Wisconsin
26%
Mount Arvon 1,979 Michigan
22%
No matching quizzes found
Score Distribution
Percent of People with Each Score
Percentile by Number Answered
Your Score History
You have not taken this quiz